000 00503nam a2200193Ia 4500
008 170918s9999 xx 000 0 und d
020 _a9780545621878
050 _bC355 2012
100 _aCastro, Adam-Troy
245 _aGustav Gloom and the people taker /
245 _cby Adam-Troy Castro ; illustrated by Kristen Margiotta.
260 _aNew York :
260 _bScholastic,
260 _c2012
300 _a226 pages :
300 _billustrations ;
300 _c19cm.
500 _a1100
999 _c344205
_d344205